000 00947nas a2200325 4500
001 BR2014002690
003 BR-BrBNA
005 20231205123952.0
007 ta
008 230509b bl.|||p| |||| 00| 00por d
040 _aBR-BrBNA
_bpor
_cBiblioteca Nacional de Agricultura
041 _a(Pt)
072 _aF02
100 1 _aKratz, D.
100 1 _aWendling, I.
100 1 _aNogueira, A.C.
100 1 _aSouza, P.V.D. de
245 1 _aSubstratos renováveis na produção de mudas de Eucalyptus benthamii
650 _aEUCALIPTO
650 _aMUDA
650 _aPRODUÇÃO FLORESTAL
650 _aSUBSTRATO DE CULTURA
650 _aQUALIDADE
650 _aANÁLISE QUÍMICA
650 _aANÁLISE FÍSICA
650 _aMÉTODO ESTATÍSTICO
773 0 _tCiência Florestal (Brazil)
_xISSN 0103-9954
_g(Oct-Dec 2013), v. 23(4) p. 607-621
_wBR2014002690
909 _a202311
_bLúcia
_c55
_dLúcia Elande
942 _2AGRIS
_n0
_cANA
999 _c236671
_d236671